| 000 | 00891nam a2200217Ia 4500 | ||
|---|---|---|---|
| 003 | Ost | ||
| 005 | 20260507075657.0 | ||
| 008 | 260507s9999||||xx |||||||||||||| ||und|| | ||
| 040 | _cfsecg | ||
| 041 | _aara | ||
| 082 | _a332.12 | ||
| 100 |
_aعوض الله، زينب _eمؤلف |
||
| 245 | 0 |
_aأساسيات الاقتصاد النقدي والمصرفي / _c زينب عوض الله |
|
| 260 |
_aبيروت: _bمنشورات الحلبي الحقوقية, _c2003 |
||
| 300 |
_a320 صفحة؛ _bإيضاحات ؛ _c24 سم |
||
| 520 | _aالنقود والنظام النقدي، المؤسسات النقدية والمالية، النقود والمتغيرات الاقتصادية. | ||
| 653 | _aالبنوك- الجوانب الاقتصادية | ||
| 653 | _aالسياسة النقدية | ||
| 653 | _aالنقود- الجوانب الاقتصادية | ||
| 942 | _cكتاب | ||
| 999 |
_c45740 _d45740 |
||